Indigenous Habitat Vestiges Of Ancestral Life In India's North East / (Record no. 200152)

MARC details
000 -LEADER
fixed length control field 00489nam a22001697a 4500
005 - DATE AND TIME OF LATEST TRANSACTION
control field 20240202122140.0
010 ## - LCCN (DPL NO)
LC control number ENG-138903
020 ## - INTERNATIONAL STANDARD BOOK NUMBER
Terms of availability 2000.00
035 ## - SYSTEM CONTROL NUMBER
System control number EN-122435
037 ## - SOURCE OF ACQUISITION
Source of stock number/acquisition DBAD/PUB
082 ## - DEWEY DECIMAL CLASSIFICATION NUMBER
Classification number 138903
100 ## - MAIN ENTRY--PERSONAL NAME
Personal name Sen, Ronojoy
245 ## - TITLE STATEMENT
Title Indigenous Habitat Vestiges Of Ancestral Life In India's North East /
Remainder of title Shyamlal Datta
300 ## - PHYSICAL DESCRIPTION
Extent 343 p.
Dimensions 25 cm(hbk)
710 ## - ADDED ENTRY--CORPORATE NAME
Corporate name or jurisdiction name as entry element Roma Chatterjee
Relator term Editor
9 (RLIN) 59600
942 ## - ADDED ENTRY ELEMENTS (KOHA)
Source of classification or shelving scheme Dewey Decimal Classification
Item type English Books
Classification part 954.5
Call number suffix IND
Holdings
Withdrawn status Lost status Not for loan Collection code Home library Current library Date acquired Source of acquisition Cost, normal purchase price Full call number Barcode Copy number Cost, replacement price Koha item type
    Not For Loan Non-fiction Ashok Vihar Ashok Vihar 16/01/2024 DBAD/PUB 2000.00 954.5 IND EN-122435 1 2000.00 English Books

© Delhi Public Library
Hit Counter
free hit counter